LEADER 01518nam0 2200313 450 001 000035172 005 20171113125050.0 100 $a20131017d1928----km-y0itaa50------ba 101 0 $aita 102 $aIT 200 1 $a<>Agro Romano nel primo quinquennio fascista$erelazione sull'incremento del bonificamento agrario e della colonizzazione nell'agro romano dal 1 gennaio 1923 al 31 Dicembre 1927$fMinistero dell'economia nazionale, Direzione generale dell'agricoltura 210 $aRoma$cTipografia Cuggiani$d1928 215 $a191 p., [4] carte geogr. ripieg.$cill.$d30 cm. 316 $aSulla pagina precedente il front.: Gioacchino Viggiani 20 aprile 1929 606 1 $aBonifica agraria 676 $a333.73153$v(22. ed.)$9Economia delle risorse naturali ed energia. Terra. Bonifica, ricupero, ripristino 710 01$aItalia$bMinistero dell'economia nazionale$07419 801 0$aIT$bUniversità della Basilicata - B.I.A.$gREICAT$2unimarc 912 $a000035172 996 $aAgro Romano nel primo quinquennio fascista$997231 997 $aUNIBAS CAT $aSTD094$b01$c20131017$lBAS01$h1222 CAT $aSTD094$b01$c20131017$lBAS01$h1224 CAT $aTTM$b30$c20131031$lBAS01$h1448 CAT $aTTM$b30$c20131104$lBAS01$h0920 CAT $aTTM$b30$c20140131$lBAS01$h1040 CAT $aATR$b20$c20171113$lBAS01$h1250 FMT Z30 -1$lBAS01$LBAS01$mBOOK$1BASA2$APolo Tecnico-Scientifico$2FVIG$BFondo Viggiani$640739$5T40739$7Collocato presso la Scuola di Agraria$820131017$f98$FConsultazione